000 00530nam a2200217Ia 4500
008 101110s9999 xx 000 0 und d
041 _aMARATHI
082 _bSR34654
100 _aAtrawalkar H.S.
245 _aVyavsaik arthashatra SYBCOM
260 _c2010
_bSheth pulishers, Mumbai
300 _a274
365 _b95
520 _aEconomics
546 _aMARATHI
630 _aVyavsaik arthashatra SYBCOM
650 _aEconomics
655 _aEconomics
730 _aVyavsaik arthashatra SYBCOM
942 _cBOOK
999 _c827155
_d827152